| 000 | 00504nam a2200145 4500 | ||
|---|---|---|---|
| 999 |
_c9023 _d9023 |
||
| 008 | 180403b ||||| |||| 00| 0 eng d | ||
| 082 | _aDPer 050 Dec 2015-Mar 2016 T48 v186-187 | ||
| 100 |
_927118 _aCikara, Mina. |
||
| 245 |
_aThe science of mob aggression/ _cMina Cikara and Adrianna Jenkins. |
||
| 260 |
_aNew York: _bTime Inc., _c©Dec 2015-Mar 2016. |
||
| 300 |
_av187 n4, page 19: _c27 cm. |
||
| 650 | 0 |
_927119 _aAggressiveness. |
|
| 700 |
_927120 _aJenkins, Adrianna. _eAuthor. |
||
| 942 |
_2ddc _cPER |
||